000 00948cam a2200289 a 4500
001 15093891
005 20180308075624.0
008 071127s2008 maua b 001 0 eng
010 _a 2007048659
015 _aGBA851709
_2bnb
016 7 _a014575204
_2Uk
020 _a9781422125007
020 _a1422125009
035 _a(OCoLC)ocn172980082
035 _a(OCoLC)172980082
040 _aDLC
_cDLC
_dBTCTA
_dBAKER
_dUKM
_dYDXCP
_dC#P
_dDLC
041 _aeng
080 _a303.4833 LI
082 0 0 _a303.4833 LI
_222
100 1 _a50
101 _aSOC
245 1 0 _aGroundswell :
_cCharlene Li, Josh Bernoff.
504 _aIncludes bibliographical references (p. 247-263) and indexes.
906 _a7
_bcbc
_corignew
_d1
_eecip
_f20
_gy-gencatlg
942 _2ddc
_cBK
999 _c44480
_d44480